حديث الثلاثاء / (رقم التسجيلة. 4569)
[ عرض عادي ]
| 000 -الفاتح | |
|---|---|
| عناصر البيانات ثابتة الطول | 00748cam a2200205 i 4500 |
| 005 - تاريخ ووقت آخر معاملة | |
| حقل ضبط | 20251117090927.0 |
| 008 - عناصر البيانات ثابتة الطول | |
| عناصر البيانات ثابتة الطول | 250721s1985 ua gr 000 0 ara d |
| 020 ## - الترقيم الدولي المعياري للكتب (ردمك) | |
| الترقيم الدولي المعياري للكتب (ردمك) | 9871370084 |
| 082 14 - رقم تصنيف ديوي العشري | |
| رقم التصنيف | 210.4 |
| رقم المادة | ح س ن |
| 100 1# - مدخل رئيسي – اسم شخصي | |
| الاسم الشخصي | البنا، حسن. |
| علاقة الشخص بالعمل/ دوره | مؤلف. |
| 245 10 - بيان العنوان | |
| العنوان | حديث الثلاثاء / |
| بيان المسؤولية | للإمام حسن البنا ؛ سجلها وأعدها للنشر احمد عيسى عاشور. |
| 264 31 - بيانات النشر، التوزيع…إلخ | |
| مكان النشر، التوزيع...إلخ | القاهرة : |
| اسم الناشر، الموزع...إلخ | مكتبة القرآن للطبع والنشر والتوزيع، |
| تاريخ النشر، التوزيع...إلخ | 1985. |
| 300 ## - الوصف المادي | |
| عدد الوحدات المكونة للوعاء | 510 صفحة. |
| 650 17 - مدخل إضافي بالموضوع - مصطلح موضوعي | |
| مصطلح موضوعي أو اسم جغرافي كعنصر مدخل | الإسلام. |
| 650 17 - مدخل إضافي بالموضوع - مصطلح موضوعي | |
| مصطلح موضوعي أو اسم جغرافي كعنصر مدخل | المقالات. |
| 650 17 - مدخل إضافي بالموضوع - مصطلح موضوعي | |
| مصطلح موضوعي أو اسم جغرافي كعنصر مدخل | المحاضرات. |
| 700 1# - مدخل إضافي - اسم شخصي | |
| الاسم الشخصي | عاشور،احمد عيسى. |
| علاقة الشخص بالعمل/ دوره | معد. |
| 942 ## - بيانات إضافية (كوها) | |
| نوع التنصيف | Dewey Decimal Classification |
| نوع المادة (كوها) | كتب |
| حالة السحب | حالة الفقدان | مصدر التصنيف | حالة التلف | غير قابل للإعارة | المكتبة الرئيسية | المكتبة الحالية | موقع الرف | تاريخ التزويد | الرقم المتسلسل | Total Checkouts | رقم الإستدعاء | الباركود | تاريخ آخر ظهور | تاريخ الفاتورة | نوع المادة (كوها) |
|---|---|---|---|---|---|---|---|---|---|---|---|---|---|---|---|
| Dewey Decimal Classification | المكتبة المركزية | المكتبة المركزية | الإعارة | 06/07/2004 | 321321 | 210.4 / ح س ن | 321321 | 28/07/2025 | 06/07/2004 | كتب |